00390nam a2200121Ia 4500008004000000020001800040082002100058100001900079245009500098260005000193300000800243650001700251210210b1994 xxu||||| |||| 00| 0 eng d a81 7022 507 8 a382.0954799 PINT aPINTO (Clesa). aTrade and finance in portuguese India: a study of the portuguese country trade 17770-1840. aNew Delhi.bConcept Publishing Company.c1994 a315 aPortuguese